000 00452nam a2200181Ia 4500
008 230524s9999 xx 000 0 und d
020 _a9788177581706
082 _a670.42
_bKAL
100 _aSerope Kalpakjian
245 0 _aManufacturing Engineering and Technology
250 _a4
260 _aNew Delhi
_bPerson
_c2013
300 _a1168p;
500 _aQuantity Number: 40
650 _aMechanics
700 _aSteven R.Schmid
942 _cBK
999 _c53899
_d53899